<?xml version="1.0" encoding="UTF-8"?>
<record
    xmlns:xsi="http://www.w3.org/2001/XMLSchema-instance"
    xsi:schemaLocation="http://www.loc.gov/MARC21/slim http://www.loc.gov/standards/marcxml/schema/MARC21slim.xsd"
    xmlns="http://www.loc.gov/MARC21/slim">

  <leader>01942cam a22003974i 4500</leader>
  <controlfield tag="003">PE-LiUPU</controlfield>
  <controlfield tag="005">20250731183450.0</controlfield>
  <controlfield tag="008">20070601s2007    us a    rb    000 0 eng d</controlfield>
  <datafield tag="020" ind1=" " ind2=" ">
    <subfield code="a">9781616776206</subfield>
  </datafield>
  <datafield tag="035" ind1=" " ind2=" ">
    <subfield code="a">PE-LiUPU2025017</subfield>
  </datafield>
  <datafield tag="040" ind1=" " ind2=" ">
    <subfield code="a">PE-LiUPU</subfield>
    <subfield code="b">spa</subfield>
    <subfield code="c">PE-LiUPU</subfield>
    <subfield code="e">rda</subfield>
  </datafield>
  <datafield tag="082" ind1="0" ind2="4">
    <subfield code="a">786.2193</subfield>
    <subfield code="b">F115m</subfield>
    <subfield code="2">23</subfield>
  </datafield>
  <datafield tag="100" ind1="1" ind2=" ">
    <subfield code="a">Faber, Nancy,</subfield>
    <subfield code="e">autora.</subfield>
    <subfield code="9">5703</subfield>
  </datafield>
  <datafield tag="245" ind1="1" ind2="0">
    <subfield code="a">My First Piano Adventure For the young beginner :</subfield>
    <subfield code="b">Writing Book A Pre-reading /</subfield>
    <subfield code="c">Nancy Faber, Randall Faber.</subfield>
  </datafield>
  <datafield tag="250" ind1=" " ind2=" ">
    <subfield code="a">Primera edici&#xF3;n.</subfield>
  </datafield>
  <datafield tag="264" ind1=" " ind2="1">
    <subfield code="a">Ann Arbor, MI :</subfield>
    <subfield code="b">Faber Piano Adventures,</subfield>
    <subfield code="c">2007.</subfield>
  </datafield>
  <datafield tag="300" ind1=" " ind2=" ">
    <subfield code="a">64 p&#xE1;ginas :</subfield>
    <subfield code="b">ilustraciones ;</subfield>
    <subfield code="c">30 cm</subfield>
  </datafield>
  <datafield tag="336" ind1=" " ind2=" ">
    <subfield code="a">text</subfield>
    <subfield code="2">rdacontent</subfield>
  </datafield>
  <datafield tag="337" ind1=" " ind2=" ">
    <subfield code="a">unmediated</subfield>
    <subfield code="2">rdamedia</subfield>
  </datafield>
  <datafield tag="338" ind1=" " ind2=" ">
    <subfield code="a">volume</subfield>
    <subfield code="2">rdacarrier</subfield>
  </datafield>
  <datafield tag="504" ind1=" " ind2=" ">
    <subfield code="a">Incluye pistas de audio en CD y recursos online.</subfield>
  </datafield>
  <datafield tag="505" ind1=" " ind2=" ">
    <subfield code="t">LESSON BOOK A:</subfield>
    <subfield code="a">Introduction to the piano -- Steady beat on white keys -- Introduction to the black keys -- Forte and piano -- The Quarter note -- The Half note -- The Whole note -- The music alphabet A B C D E F G -- The C 5-finger scale -- Staff preparation</subfield>
  </datafield>
  <datafield tag="505" ind1=" " ind2=" ">
    <subfield code="t">WRITING BOOK A:</subfield>
    <subfield code="a">Introduction to the piano -- Steady beat on white keys -- Introduction to the black keys -- Forte f and piano p -- Quarter note -- Half note -- Whole note -- The music alphabet  -- C5 finger scale -- Staff preparation -- Certificate</subfield>
  </datafield>
  <datafield tag="526" ind1=" " ind2=" ">
    <subfield code="a">P158</subfield>
  </datafield>
  <datafield tag="526" ind1=" " ind2=" ">
    <subfield code="a">P146</subfield>
  </datafield>
  <datafield tag="526" ind1=" " ind2=" ">
    <subfield code="a">P17</subfield>
  </datafield>
  <datafield tag="526" ind1=" " ind2=" ">
    <subfield code="a">P12</subfield>
  </datafield>
  <datafield tag="526" ind1=" " ind2=" ">
    <subfield code="a">P06</subfield>
  </datafield>
  <datafield tag="650" ind1="1" ind2="4">
    <subfield code="a">Piano</subfield>
    <subfield code="x">M&#xE9;todos (Nivel elemental)</subfield>
    <subfield code="9">5707</subfield>
  </datafield>
  <datafield tag="650" ind1="2" ind2="4">
    <subfield code="a">Piano</subfield>
    <subfield code="x">Estudio y Ense&#xF1;anza (Primaria)</subfield>
    <subfield code="9">5708</subfield>
  </datafield>
  <datafield tag="700" ind1=" " ind2=" ">
    <subfield code="a">Faber, Randall,</subfield>
    <subfield code="e">autor.</subfield>
    <subfield code="9">5706</subfield>
  </datafield>
  <datafield tag="856" ind1="4" ind2="0">
    <subfield code="u">https://www.pianoadventures.lat/publicaciones/my-first-piano-adventure-lesson-book-a-with-cd/</subfield>
    <subfield code="z">Sitio web del editor.</subfield>
  </datafield>
  <datafield tag="942" ind1=" " ind2=" ">
    <subfield code="2">ddc</subfield>
    <subfield code="c">BK</subfield>
    <subfield code="n">0</subfield>
  </datafield>
  <datafield tag="980" ind1=" " ind2=" ">
    <subfield code="6">18226</subfield>
    <subfield code="a">Jaime Vilcaz&#xE1;n Jefe de An&#xE1;lisis Documental</subfield>
    <subfield code="8">1</subfield>
    <subfield code="g">ALBERTO SANCHEZ Responsable de Automatizaci&#xF3;n</subfield>
  </datafield>
  <datafield tag="999" ind1=" " ind2=" ">
    <subfield code="c">62997</subfield>
    <subfield code="d">62996</subfield>
  </datafield>
  <datafield tag="952" ind1=" " ind2=" ">
    <subfield code="r">2026-02-05 09:50:20</subfield>
    <subfield code="l">6</subfield>
    <subfield code="o">786.2193 F115m</subfield>
    <subfield code="p">82683</subfield>
    <subfield code="q">2026-12-31</subfield>
    <subfield code="s">2026-02-05</subfield>
    <subfield code="t">e1</subfield>
    <subfield code="v">17.51</subfield>
    <subfield code="w">2025-06-23</subfield>
    <subfield code="x">FACIHED</subfield>
    <subfield code="y">BK</subfield>
    <subfield code="1">0</subfield>
    <subfield code="2">ddc</subfield>
    <subfield code="3">LBA</subfield>
    <subfield code="5">0</subfield>
    <subfield code="7">0</subfield>
    <subfield code="8">GEN</subfield>
    <subfield code="f">P17</subfield>
    <subfield code="a">BUL</subfield>
    <subfield code="b">BUL</subfield>
    <subfield code="c">GEN</subfield>
    <subfield code="d">2025-06-20</subfield>
    <subfield code="e">Compra, Tienda Teatral</subfield>
    <subfield code="g">12.51</subfield>
  </datafield>
  <datafield tag="952" ind1=" " ind2=" ">
    <subfield code="r">2026-02-05 09:50:31</subfield>
    <subfield code="l">6</subfield>
    <subfield code="o">786.2193 F115m</subfield>
    <subfield code="p">82696</subfield>
    <subfield code="q">2026-12-31</subfield>
    <subfield code="s">2026-02-05</subfield>
    <subfield code="t">e1</subfield>
    <subfield code="v">17.51</subfield>
    <subfield code="w">2025-06-24</subfield>
    <subfield code="x">FACIHED</subfield>
    <subfield code="y">BK</subfield>
    <subfield code="1">0</subfield>
    <subfield code="2">ddc</subfield>
    <subfield code="3">WBA</subfield>
    <subfield code="5">0</subfield>
    <subfield code="7">0</subfield>
    <subfield code="8">GEN</subfield>
    <subfield code="f">P17</subfield>
    <subfield code="a">BUL</subfield>
    <subfield code="b">BUL</subfield>
    <subfield code="c">GEN</subfield>
    <subfield code="d">2025-06-20</subfield>
    <subfield code="e">Compra, Tienda Teatral</subfield>
    <subfield code="g">12.51</subfield>
  </datafield>
</record>
